Science Quiz

Random Science or Math Quiz

Next Number Quiz Stats

 Plays Quiz Updated Sep 20, 2018

Also try: Odd Number Out
Challenge
Share
Tweet
Embed
Score 0/15 Timer 06:00
0 Plays Today
Problem Answer % Correct
16 14 17 13 18 12 19 ?11
97.1%
1 4 9 16 25 36 ?49
93.4%
8 11 15 19 24 29 35 ?41
92.9%
1 3 6 8 12 14 19 ?21
86.1%
24 12 8 40 20 16 80 ?40
73.7%
22 27 28 14 19 20 10 ?15
73.2%
2 4 8 16 20 40 44 ?88
68.7%
3 5 15 10 12 36 31 ?33
63.1%
Problem Answer % Correct
16 8 24 20 10 30 26 ?13
62.4%
3 6 18 21 7 10 30 ?33
60.1%
1 3 2 6 5 15 14 ?42
53.4%
2 3 5 7 11 13 17 19 ?23
53.1%
23 21 18 22 17 11 18 ?10
49.6%
1 4 8 13 26 33 66 ?75
36.3%
21 8 24 12 36 25 75 ?65
28.8%

You're not logged in!

Compare scores with friends on all Sporcle quizzes.
OR
Log In

You Might Also Like...

Show Comments

Extras

Top Quizzes Today


Score Distribution

Your Account Isn't Verified!

In order to create a playlist on Sporcle, you need to verify the email address you used during registration. Go to your Sporcle Settings to finish the process.

Report this User

Report this user for behavior that violates our Community Guidelines.

Details: